Getúlio Vargas Quiz - Statistics

General Stats
  • This quiz has been taken 29 times
  • The average score is 10 of 20
Answer Stats
Hint Answer % Correct
His home state Rio Grande do Sul
86%
Burned this crop to save the economy during the Great Depression Coffee
82%
Led Brazil during this war World War Two
82%
Cause of death Suicide by gunshot
77%
Modernized the country electoral system, allowing the right to vote for this social group Women
73%
His last words were "I leave life to enter _______"? History
59%
Nationalized brazilian oil under this company after he got elected again in 1950 Petrobras
59%
Nickname for his dictatorship which started in 1937 Estado Novo
55%
Running mate who got assassinated, boosting his popularity João Pessoa
55%
Formal residence and place of death Palácio do Catete
50%
Enacted this decree inspired by the fascist "Carta del Lavoro" CLT
45%
State media and censorship organ he created DIP
41%
His sucessor as leader of that party João Goulart
41%
Main political rivals Julio Prestes
41%
Political party he founded after he lost power in 1945 PTB
41%
Country that inspired the constitution of that regime Poland
36%
Rose to power via this insurrection Revolution of 1930
36%
Main political rivals Luís Carlos Prestes
32%
Name of the first national radio program A Voz do Brasil
27%
Main political rivals Plínio Salgado
18%
No matching quizzes found
Score Distribution
Percent of People with Each Score
Percentile by Number Answered
Your Score History
You have not taken this quiz